000 00361nam a2200133 a 4500
001 000026916
005 20200930030504.0
008 110328s1988 dr 000 0 spa d
040 _aDO-SdBNP
_bspa
_cBNPHU
082 _axxx
_bV483
245 0 3 _aLa verdad de Panama.
260 _aSanto Domingo :
_bEditora Universitaria-UASD,
_c1988.
300 _a27 p. : ;
_c21 cm.
999 _c26408
_d26408